000 00556pam a2200217 a 4500
001 1979316
005 20180103041203.0
008 890127s1989 cau b 001 0 eng
010 _a 89004229
020 _a0961307315 :
_c$11.95
040 _aDLC
_cDLC
_dDLC
041 _aeng
080 _a649.1
082 0 0 _a649.1 SOL
_219
100 1 _a46
101 _aEDU
245 1 0 _aHelping young children flourish /
_cAletha J. Solter.
504 _aBibliography: p. 237-240.
906 _a7
_bcbc
_corignew
_d1
_eocip
_f19
_gy-gencatlg
942 _2ddc
_cBK
999 _c39605
_d39605